Mil joyas de arte español (Record no. 6903)

MARC details
000 -CABECERA
campo de control de longitud fija 01046nam a2200253 a 4500
001 - NÚMERO DE CONTROL
campo de control BRCA_7222
005 - FECHA Y HORA DE LA ÚLTIMA TRANSACCIÓN
campo de control 20190320205746.0
008 - DATOS DE LONGITUD FIJA--INFORMACIÓN GENERAL
campo de control de longitud fija 180112s19481947sp-a######---#000-0#spa-#
041 ## - CÓDIGO DE LENGUA
Código de lengua del texto/banda sonora o título independiente spa
044 ## - CÓDIGO DEL PAÍS DE LA ENTIDAD EDITORA/PRODUCTORA
Código MARC del país sp
050 #4 - SIGNATURA TOPOGRÁFICA DE LA BIBLIOTECA DEL CONGRESO
Número de clasificación N7101
Número de documento/Ítem .M55
245 10 - MENCIÓN DE TÍTULO
Título Mil joyas de arte español
Resto del título piezas selectas, monumentos magistrales, fotografiìas documentales de los archivos del Instituto Gallach
260 ## - PUBLICACIÓN, DISTRIBUCIÓN, ETC.
Lugar de publicación, distribución, etc. Barcelona
Nombre del editor, distribuidor, etc. Instituto Gallach
Fecha de publicación, distribución, etc. 1948, c1947
300 ## - DESCRIPCIÓN FÍSICA
Extensión 2 v.
Otras características físicas il. (algunas a color), 1000 láminas
Dimensiones 30 cm.
500 ## - NOTA GENERAL
Nota general P118
501 ## - NOTA DE "CON"
Nota de “Con” Contenido: v.1 Antiguedad y Edad Media/ estudio preliminar, sección y comentarios, originales de Maria Elena Gomez Moreno.-- v. 2 Edad moderna y contemporanea / estudio preliminar, sección y comentarios, originales de F. P. Verrie y A. Cirici Pellicier.
650 14 - PUNTO DE ACCESO ADICIONAL DE MATERIA--TÉRMINO DE MATERIA
Término de materia o nombre geográfico como elemento de entrada Arte
Subdivisión general Historia
9 (RLIN) 17896
650 14 - PUNTO DE ACCESO ADICIONAL DE MATERIA--TÉRMINO DE MATERIA
Término de materia o nombre geográfico como elemento de entrada Arte español
9 (RLIN) 2063
700 1# - PUNTO DE ACCESO ADICIONAL--NOMBRE DE PERSONA
Nombre de persona Gomez Moreno, Maria Elena
9 (RLIN) 17897
700 1# - PUNTO DE ACCESO ADICIONAL--NOMBRE DE PERSONA
Nombre de persona Verrie, F. P.
9 (RLIN) 17898
710 2# - PUNTO DE ACCESO ADICIONAL--NOMBRE DE ENTIDAD CORPORATIVA
Nombre de entidad corporativa o nombre de jurisdicción como elemento de entrada Instituto Gollach (España)
9 (RLIN) 17899
902 ## - CATALOGADOR
Iniciales GFM
942 ## - ELEMENTOS DE PUNTO DE ACCESO ADICIONAL (KOHA)
Fuente del sistema de clasificación o colocación Library of Congress Classification
Tipo de ítem Koha Libros
Holdings
Estado de retiro Estado de pérdida Estado dañado No para préstamo Localización permanente Ubicación/localización actual Fecha de adquisición Número de inventario Total de préstamos Signatura topográfica completa Código de barras Fecha visto por última vez Precio válido a partir de Tipo de ítem Koha
El ejemplar forma parte de la colección y puede ser consultado según las políticas vigentes.       Biblioteca del Museo Franz Mayer (Rogerio Casas-Alatriste) Biblioteca del Museo Franz Mayer (Rogerio Casas-Alatriste) 18/01/2012 P118   N7101 .M55 (P118) 7680 22/03/2019 22/03/2019 Libros